| 000 | 01636nam a2200385 c 4500 | ||
|---|---|---|---|
| 003 | BLK | ||
| 005 | 20180422095719.0 | ||
| 008 | 180413b bul|||||r ||||||| ||bul|| | ||
| 010 | _aKNG00029998000 | ||
| 040 | _aBLK | ||
| 041 |
_aBUL _cBUL |
||
| 080 |
_aТелевизионно предаване _b654.197 _x:324 _z654.197:324 |
||
| 100 | 1 |
_aМицкевич, Елън _eпърви автор _9269280 |
|
| 700 | 1 |
_aФайърстоун, Чарлс _eсъавт. _9133403 |
|
| 700 | 1 |
_aКартър, Джими _eпредг. от _9269281 |
|
| 700 | 1 |
_aНейкова, Мария Радева _eпрев. _9364698 |
|
| 139 |
_aМицкевич, Елън и др. _bМ 76 |
||
| 245 | 1 | 0 |
_aТелевизия и избори _cЕлън Мицкевич; съавт. Чарлс Файърстоун; предг. от Джими Картър; прев. Мария Радева Нейкова. |
| 250 | _a2. изд. | ||
| 257 | _aUSA | ||
| 260 |
_аСофия _bАмер. център _c1999 _fСофия : Акад. изд. Проф. М. Дринов |
||
| 300 |
_a96 с. _bс табл., диагр. _c23 см |
||
| 380 | _a62 | ||
| 500 | _aБез сведение за ориг. загл. - Офс. изд. - Прев. по 2. амер. изд. - 1 000 тир. | ||
| 650 | 4 |
_aТелевизионни предавания, политически _9269282 |
|
| 650 | 4 |
_aИзбори _9156266 |
|
| 653 | _aизбори | ||
| 653 | _aтелевизионни предавания | ||
| 653 | _aполитика | ||
| 852 | _aЦб 202788 | ||
| 856 | 4 |
_qpdf _u |
|
| 856 | 4 |
_qpdf _u |
|
| 942 |
_cKNG _n0 |
||
| 944 |
_aCR _c15.01.2003 _kЛюдмила_Стоянова |
||
| 944 |
_aED _c09.03.2004 _k |
||
| 999 |
_c27415 _d27415 |
||